000 00982cam5a220027700 4500
001 lce01140899
008 791018s1973 bs ab b f000 0 eng
010 _a 79316467
020 _cR2.00
035 _a(Sirsi) r75987
035 _a(DLC) 79316467
035 _a(UPRA)lce01140899
043 _af-bs---
050 0 _aTN799.7.B55
_bM37
100 1 _aMassey, N. W. D.
_6A36222.1
245 1 0 _aResources inventory of Botswana :
_bindustrial rocks and minerals /
_cN. W. D. Massey.
260 _aLobatse :
_bGeological Survey Dept.,
_c[1973]
490 1 _aMineral resources report ; no. 3
500 _aCover title.
504 _aBibliography: p. 36-39.
650 0 _aNonmetallic minerals -- Botswana.
_zNonmetallic minerals -- Botswana.
_6S28344.1
650 0 _aBuilding stones -- Botswana.
_zBuilding stones -- Botswana.
_6S28345.1
830 0 _aMineral resources report (Lobatse) ;
_vno. 3.
_6S5961.1
949 _aTN799.7.B55
_wlcc
_mMAIN
_tBOOK
_lON-SHELF
004 75987
999 _c58101
_d58101